| 000 | 00875cam a22002655a 4500 | ||
|---|---|---|---|
| 001 | 15970533 | ||
| 005 | 20150810113414.0 | ||
| 008 | 091103t2010 nyua frb 001 0 eng d | ||
| 020 | _a9781441904546 (alk. paper) | ||
| 020 | _a1441904549 (alk. paper) | ||
| 020 | _a9781441904553 (eISBN) | ||
| 040 |
_aUKM _beng _cUKM _dYDXCP _dC#P _dBWX _dBTCTA _dMUU _dTULIB _dDLC _dEG-ScBUE |
||
| 082 | 0 | 4 |
_a620.11223 _bMCC _222 |
| 100 | 1 |
_aMcCafferty, E. _938287 |
|
| 245 | 1 | 0 |
_aIntroduction to corrosion science / _cE. McCafferty. |
| 260 |
_aNew York : _bSpringer, _cc.2010. |
||
| 300 |
_axvi, 575 p. : _bill. ; _c27 cm. |
||
| 500 | _aIndex : p. 571-575. | ||
| 504 | _aIncludes bibliographical references. | ||
| 650 | 0 |
_aCorrosion and anti-corrosives. _2BUEsh |
|
| 651 | _2BUEsh | ||
| 653 |
_bENGGEN _cJune2015 _cAugust2015 |
||
| 655 |
_vreading book _934232 |
||
| 942 |
_2ddc _k620.11223 MCC |
||
| 999 |
_c19813 _d19785 |
||